000 02425nam1a2200385 4500
001 RU\NLR\BIBL_A\022673481
005 20260426040957.0
010 _a978-5-6054017-6-6
_9500
035 _a(NLR Aleph) 022673481
090 _a13653143
_c13653143
100 _a20251126d2025 k y0rusy50 ca
101 0 _arus
_deng
102 _aRU
105 _a z
181 0 _ai3
_baxxe
182 0 _an
200 1 _aРоссия и мир: развитие цивилизаций. Уроки Великой Победы и новое мироустройство
_dRussia and the world: the development of civilizations. The lessons of the great victory and the new world order
_eматериалы XV международной научно-практической конференции (2-3 апреля 2025 года)
_eсборник статей
_eв двух частях
_fУниверситет мировых цивилизаций имени В. В. Жириновского
_gответственный редактор: М. А. Булавина
_zeng
203 _aТекст
_bвизуальный
_cнепосредственный
210 _aМосква
_cУМЦ
_d2025
215 _d29
300 _aРез. на англ. яз.
300 _aНа обл.: 80. Победа!
320 _aБиблиогр. в конце ст. и в подстроч. примеч.
510 1 _aRussia and the world: the development of civilizations. The lessons of the great victory and the new world order
_zeng
606 1 _aОбщественные науки
_jСъезды, совещания и т.п
_91112139
_3RU\NLR\AUTH\66119728
686 1 _aС.я431
702 1 _aБулавина
_bМ. А.
_gМария Александровна
_4340
711 1 2 _a"Россия и мир: развитие цивилизаций. Уроки Великой Победы и новое мироустройство", международная научно-практическая конференция
_d15
_f2025
_eМосква
_3RU\NLR\AUTH\880635334
_92687328
712 0 2 _4475
_aУниверситет мировых цивилизаций им. В. В. Жириновского
_cМосква
_9842059
_3RU\NLR\AUTH\880588106
852 _aNLR
_j2025-8/3300
942 _cBOOK
980 _aNB